000 00614cam a22002171a 4500
001 50200
003 BD-RJUL
005 20211209075455.0
008 160824m19551971fr 000 0 eng d
035 _aBD-RjUL50320
040 _aBD-RjUL
_beng
_cBD-RjUL
041 _aeng
082 _223
_bWOR 1971
_a370.9
110 2 _aUnesco.
_9150490
245 1 0 _aWorld survey of education /
_c[UNESCO]
260 _aParis :
_bUNESCO,
_c1971
300 _aV. :
_bill. ;
_c26 cm
505 0 _aVol 5 educational policy, legislation and administration
650 0 _aEducation
_vEncyclopedias.
_9150482
942 _2ddc
_cBK
999 _c50200
_d50200